000 00350nam a2200145Ia 4500
005 20251222152645.0
008 251222s9999||||xx |||||||||||||| ||spa||
020 _a923303040089
082 _a374.012.4/B94
100 _aBurnett, Nicholas
245 0 _aLa Alfabetización, un factor vital:
250 _a1ra.ed.
264 _bUnesco
942 _cLIB
999 _c28246
_d28246